Vista normal Vista MARC

Entrada Materia (personas)

Número de registros utilizados en: 1

001 - CONTROL NUMBER

  • control field: 170003

003 - CONTROL NUMBER IDENTIFIER

  • control field: Co-BoUCM

005 - DATE AND TIME OF LATEST TRANSACTION

  • control field: 20211112080654.0

008 - FIXED-LENGTH DATA ELEMENTS

  • fixed length control field: 211112|| aca||aabn | a|a d

040 ## - CATALOGING SOURCE

  • Original cataloging agency: Co-BoUCM
  • Transcribing agency: Co-BoUCM

100 ## - HEADING--PERSONAL NAME

  • Personal name: Kuhn, Thomas Samuel
  • Dates associated with a name: 1922-1996
  • General subdivision: Crítica e interpretación, etc

670 ## - SOURCE DATA FOUND

  • Source citation: Work cat.: (Co-BoUCM)78505: Solís, Carlos 109536, Razones e intereses la historia de la ciencia después de Kuhn, 1994